Les Maps de Jeux Vidéos - Statistiques

Statistiques générales
  • Ce quiz a été pris 46 fois
  • Le résultat moyen est 2 sur 16
Statistiques - réponses
Par images Réponse % Correct
Fortnite
85%
GTA San Andreas
46%
Far Cry 6
21%
Forza Horizon 5
21%
God of War
21%
Just Cause
15%
Call of Duty Warzone
8%
Subnautica
8%
Call of Duty Black Ops 7
5%
Disney Dreamlight Valley
5%
Euro Truck Simulator 2
3%
Hitman 3
3%
Luigi’s Mansion
3%
Pokémon Rouge et Bleu
3%
Doom
0%
Mass Effect
0%
Aucun quiz correspondant
Distribution des résultats
% des personnes avec chaque résultat
Percentile par nombre de réponses
Votre historique - résultats
Vous n’avez pas pris ce quiz